| 000 | 00510nam a2200169 a 4500 | ||
|---|---|---|---|
| 001 | 000025778 | ||
| 005 | 20200930024037.0 | ||
| 008 | 110222s1983 dr 000 0 spa d | ||
| 040 |
_aDO-SdBNP _bspa _cBNPHU |
||
| 082 |
_axxx _bB496r |
||
| 100 | 1 |
_aBergés, Frederich _952577 |
|
| 245 | 1 | 4 |
_aLas relaciones bancarias / _cFrederich Bergés. |
| 260 |
_aSanto Domingo : _bCentro de Estudios Monetarios y Bancarios (CEMYB), _c1983. |
||
| 300 |
_a87 P. ; _c23 cm. |
||
| 504 | _aBibliografía : p. 87 | ||
| 049 | _aBNPD | ||
| 999 |
_c25270 _d25270 |
||